La Junta de Gobierno se dirige a la juventud: discurso pronunciado por el general Gustavo Leigh ante dirigentes juveniles en el edificio Diego Portales, el 20 de diciembre de 1973

Αποθηκεύτηκε σε:
Λεπτομέρειες βιβλιογραφικής εγγραφής
Μορφή: Βιβλίο
Γλώσσα:Ισπανικά
Έκδοση: Santiago Nacional Gabriela Mistral 1974
Θέματα:
Ετικέτες: Προσθήκη ετικέτας
Δεν υπάρχουν, Καταχωρήστε ετικέτα πρώτοι!

MARC

LEADER 00000nam a2200000 a 4500
001 UCZ5598
003 CL-VaPUC
008 951124e19740400CL |||||||||||||||||spa|d
082 0 4 |a 321.83  |b LAJ  |2 21 
245 1 3 |a La Junta de Gobierno se dirige a la juventud: discurso pronunciado por el general Gustavo Leigh ante dirigentes juveniles en el edificio Diego Portales, el 20 de diciembre de 1973 
300 |a 15 p 
942 |c BK 
945 |d 19951124 00:00:00  |a cmena 
260 |a Santiago  |b Nacional Gabriela Mistral  |c 1974 
650 0 |a Gobierno   |9 255508 
650 0 |a Poder político  |9 255509 
650 7 |a SISTEMAS POLITICOS  |2 CL-VaPUC  |9 349710 
650 0 |a Dictadura   |9 341206 
650 0 |a Opresión   |9 349344 
650 0 |a Totalitarismo  |9 255261 
583 |a last modification  |c 19951124 00:00:00  |k Rodrigo Vera 
999 |c 241891  |d 241889 
952 |0 0  |1 0  |4 0  |6 321_830000000000000_LAJ_1974  |7 0  |8 P  |9 254520  |a BIBEDU  |b BIBEDU  |c BIBEDU_PB  |d 2019-11-19  |i 1578367  |o 321.83 LAJ 1974  |p 1578367  |r 2019-11-19  |w 2019-11-19  |y BK  |k FIL